Call of Duty Campaign Characters - Statistics

General Stats
  • This quiz has been taken 267 times
  • The average score is 21 of 41
Answer Stats
Hint Answer % Correct
Captain of the 141 Price
96%
Wears a skull mask in MW Ghost
94%
Scottish TF141 member Soap
93%
Character that has numbers in his head Mason
83%
British soldier who makes you kill a watermelon Gaz
79%
CIA operative that wears shades Hudson
77%
SOG team leader Woods
75%
Man who betrays you for the glory Shepherd
68%
Russian pilot in the 141 Nikolai
67%
Russian operative that joins the 141 Yuri
67%
Main antagonist in BO2 Menendez
66%
Playable character in MW2 Roach
66%
Russian man that fought in WW2 then was sent to Vorkuta Reznov
63%
Cuban dictator who captures you Castro
58%
CIA operative that had eye stabbed Weaver
58%
German scientist Steiner
56%
Commander of Delta force Sandman
54%
Main antagonist of CoD Ghosts Rorke
53%
Playable character in Ghosts Logan
52%
Scottish soldier who commanded Price Macmillan
52%
Operative who infiltrates Makarov's team Allen
50%
Playable character in Delta Force Frost
47%
Question aboves Brother Hesh
45%
Russian Loyalist who helps you Kamarov
44%
SOG member who was killed while captured Bowman
43%
Life long friend who is killed in gas chamber Dimitri
43%
Villain with one arm Zakhaev
43%
Main antagonist from Advanced Warfare Irons
42%
Man who betrays you on the USS Obama Salazar
42%
Playable characters dad in Ghosts Elias
40%
African Leader who fights against MPLA Savimbi
40%
Soldier with LMG who died on a bridge Griggs
39%
Playable character in Advanced Warfare Mitchell
37%
Commander of Hunter 2-1 Foley
31%
Character who asks "Who's Soap?" Worm
31%
Manufacturer of Makarovs bullets Alex the Red
27%
British scientist who helped develop Nova-6 Clarke
22%
Driver in MW2 that gets shot in The Enemy of my Enemy Rook
22%
Man killed in Japan with a katana Sullivan
21%
Man who is killed with a flamethrower Chernov
20%
Nazi that you snipe from a building Amsel
15%
No matching quizzes found
Score Distribution
Percent of People with Each Score
Percentile by Number Answered
Your Score History
You have not taken this quiz